=LDR 00000nam 2200000 4500 =001 000469 =005 20250710091726 =035 ##$$a 0010-0725000331 =007 ta =008 250710################a##########0#ind## =020 ##$$a 978-623-118-745-1 =082 ##$$a 398.209 598 =084 ##$$a 398.209 598 NUR w =100 #$$a Nurhidayati, Fajriatun =245 1#$$a Wuri Berani Menegur /$c Fajriatun Nurhidayati =250 ##$$a Cetakan Pertama =260 ##$$a Jakarta Timur :$b Badan Pengembangan dan Pembinaan Bahasa,$c 2022 =300 ##$$a 28 hal : $b ilus. ; $c 29,7 cm =650 #4$$a Cerita Bergambar =600 #4$$a Cerita anak-Indonesia =856 ##$$a TBM AS SUHADA =990 ##$$a TBM02190219